000 00222nam a2200085Ia 4500
008 120527s9999 xx 000 0 und d
100 _aMansfield E.
245 _aStudy guide and casebook for managerial economics
942 _cBK
999 _c27133
_d27133